<?xml version="1.0" encoding="UTF-8"?><?xml-stylesheet type="text/xsl" href="static/style.xsl"?><OAI-PMH xmlns="http://www.openarchives.org/OAI/2.0/" xmlns:xsi="http://www.w3.org/2001/XMLSchema-instance" xsi:schemaLocation="http://www.openarchives.org/OAI/2.0/ http://www.openarchives.org/OAI/2.0/OAI-PMH.xsd"><responseDate>2026-04-13T13:43:34Z</responseDate><request verb="GetRecord" identifier="oai:www.recercat.cat:2445/224233" metadataPrefix="marc">https://recercat.cat/oai/request</request><GetRecord><record><header><identifier>oai:recercat.cat:2445/224233</identifier><datestamp>2025-12-05T01:01:01Z</datestamp><setSpec>com_2072_1057</setSpec><setSpec>col_2072_478787</setSpec><setSpec>col_2072_478917</setSpec></header><metadata><record xmlns="http://www.loc.gov/MARC21/slim" xmlns:dcterms="http://purl.org/dc/terms/" xmlns:xsi="http://www.w3.org/2001/XMLSchema-instance" xmlns:doc="http://www.lyncode.com/xoai" xsi:schemaLocation="http://www.loc.gov/MARC21/slim http://www.loc.gov/standards/marcxml/schema/MARC21slim.xsd">
   <leader>00925njm 22002777a 4500</leader>
   <datafield ind2=" " ind1=" " tag="042">
      <subfield code="a">dc</subfield>
   </datafield>
   <datafield ind2=" " ind1=" " tag="720">
      <subfield code="a">Lecuona Ramírez, Itziar de</subfield>
      <subfield code="e">author</subfield>
   </datafield>
   <datafield ind2=" " ind1=" " tag="260">
      <subfield code="c">2025-11-10T12:27:30Z</subfield>
   </datafield>
   <datafield ind2=" " ind1=" " tag="260">
      <subfield code="c">2025-11-10T12:27:30Z</subfield>
   </datafield>
   <datafield ind2=" " ind1=" " tag="260">
      <subfield code="c">2020-11-26</subfield>
   </datafield>
   <datafield ind2=" " ind1=" " tag="520">
      <subfield code="a">Podeu consultar la versió en castellà a: https://hdl.handle.net/2445/224231</subfield>
   </datafield>
   <datafield ind2=" " ind1=" " tag="520">
      <subfield code="a">Esta obra se inscribe en el proyecto de investigación “CONBIOLAW.20. El Convenio de Oviedo cumple 20 años: propuestas para su adaptación a la nueva realidad social y científica” (DER2017-85174-P).</subfield>
   </datafield>
   <datafield ind2=" " ind1=" " tag="520">
      <subfield code="a">Human subject research has to be assessed by independent multidisciplinary ethics committees in order to guarantee its quality and respect for the rights and interests of the people involved and taking part. As a member of two Research Ethics Committees (REC) I have witnessed the growing trend towards the commercialization of biological samples of human origin and of personal data. Human body parts (biological samples included) and personal data (and therefore privacy) are monetized in a society that has opted for scientific and technological research in order to stimulate economic and social progress. Research and scientific and technological applications are news almost every day in the media, including economics supplements, which have lately been describing the impact of digitization on business, the advantages of big data analysis and the successes of Iberian biotech companies. I consider that practices in research associated with biological samples of human origin stored in biobanks, and the personal data flows in research with public big data, might occasionally not fulfil the established objectives, supposedly addressed to the common good and the public interest.</subfield>
   </datafield>
   <datafield tag="653" ind2=" " ind1=" ">
      <subfield code="a">Protecció de dades</subfield>
   </datafield>
   <datafield tag="653" ind2=" " ind1=" ">
      <subfield code="a">Bancs d'espècimens biològics</subfield>
   </datafield>
   <datafield tag="653" ind2=" " ind1=" ">
      <subfield code="a">Investigació mèdica</subfield>
   </datafield>
   <datafield tag="653" ind2=" " ind1=" ">
      <subfield code="a">Bioètica</subfield>
   </datafield>
   <datafield tag="653" ind2=" " ind1=" ">
      <subfield code="a">Data protection</subfield>
   </datafield>
   <datafield tag="653" ind2=" " ind1=" ">
      <subfield code="a">Biological specimen banks</subfield>
   </datafield>
   <datafield tag="653" ind2=" " ind1=" ">
      <subfield code="a">Medicine research</subfield>
   </datafield>
   <datafield tag="653" ind2=" " ind1=" ">
      <subfield code="a">Bioethics</subfield>
   </datafield>
   <datafield ind2="0" ind1="0" tag="245">
      <subfield code="a">The Trend Towards the Commercialization of Human Body Parts and of Privacy in Research with Biological Samples and Data (Big and Small)</subfield>
   </datafield>
</record></metadata></record></GetRecord></OAI-PMH>